[Event "Toronto op U2200"]
[Site "Toronto CAN"]
[Date "2019.09.02"]
[Round "5.22"]
[White "Guo, Hazel"]
[Black "Qiao, Cindy"]
[Result "0-1"]
[WhiteElo "1710"]
[BlackElo "1884"]
[PlyCount "98"]
[EventDate "2019.08.31"]
[EventType "swiss"]
[EventRounds "6"]
[EventCountry "CAN"]

1. e4 c5 2. Nf3 d6 3. d4 cxd4 4. Qxd4 Nc6 5. Bb5 Bd7 6. Bxc6 Bxc6 7. Nc3 Nf6 8.
Bg5 e5 9. Qd3 Be7 10. O-O-O Qa5 11. Nd2 Rd8 12. f3 b5 13. Nb3 Qb6 14. Be3 Qb8
15. Na5 Bd7 16. Nd5 Nxd5 17. Qxd5 Qc7 18. Nb3 Rc8 19. Qd2 Be6 20. Kb1 O-O 21.
g4 b4 22. Qf2 Ra8 23. h4 a5 24. Bb6 Qc4 25. Bxa5 Rxa5 26. Nxa5 Qxa2+ 27. Kc1
Qxa5 28. Kd2 b3+ 29. c3 d5 30. exd5 Qxd5+ 31. Ke1 Qc6 32. Qg3 Bd5 33. Kf2 Bc5+
34. Kg2 e4 35. Kh3 exf3 36. Rhf1 f2 37. Rxf2 Bxf2 38. Qxf2 Re8 39. Rf1 Qe6 40.
Rd1 h6 41. Rd3 Bc4 42. Rd4 Be2 43. Rb4 Bxg4+ 44. Kg3 Be2 45. Rb7 Qg4+ 46. Kh2
Bc4 47. Rb4 Re2 48. Rxc4 Rxf2+ 49. Kh1 Qg2# 0-1

[Event "Toronto op U2200"]
[Site "Toronto CAN"]
[Date "2019.09.02"]
[Round "5.23"]
[White "Stewart, Michael"]
[Black "Vijendra, Vinushan"]
[Result "1/2-1/2"]
[WhiteElo "2036"]
[BlackElo "1733"]
[PlyCount "68"]
[EventDate "2019.08.31"]
[EventType "swiss"]
[EventRounds "6"]
[EventCountry "CAN"]

1. Nf3 Nf6 2. c4 c5 3. g3 d6 4. Bg2 g6 5. Nc3 Nc6 6. O-O Bg7 7. a3 O-O 8. Rb1
Bd7 9. b4 b6 10. b5 Na5 11. d3 Qc7 12. Bb2 Rad8 13. Nd2 Qc8 14. Nd5 Nxd5 15.
Bxg7 Kxg7 16. Bxd5 Bh3 17. Bg2 Bxg2 18. Kxg2 Qa8+ 19. e4 e6 20. Qf3 d5 21. exd5
exd5 22. Nb3 Nxb3 23. Rxb3 d4 24. Qxa8 Rxa8 25. Rbb1 Rae8 26. Rfe1 f5 27. Rxe8
Rxe8 28. Kf1 Kf6 29. Re1 Rxe1+ 30. Kxe1 f4 31. Ke2 fxg3 32. fxg3 Kf5 33. Kf3 h5
34. h3 g5 1/2-1/2

[Event "Toronto op U2200"]
[Site "Toronto CAN"]
[Date "2019.09.02"]
[Round "5.25"]
[White "Moran-Venegas, Mario"]
[Black "Ajith, Aayush"]
[Result "0-1"]
[WhiteElo "1768"]
[BlackElo "1851"]
[PlyCount "54"]
[EventDate "2019.08.31"]
[EventType "swiss"]
[EventRounds "6"]
[EventCountry "CAN"]

1. e4 c5 2. Nf3 d6 3. d4 cxd4 4. Nxd4 Nf6 5. Nc3 a6 6. Bg5 e6 7. f4 Be7 8. Qf3
Qc7 9. O-O-O Nbd7 10. g4 b5 11. Bxf6 Nxf6 12. g5 Nd7 13. f5 Bxg5+ 14. Kb1 Nc5
15. Ndxb5 axb5 16. Nxb5 Qa5 17. Nxd6+ Ke7 18. Nxc8+ Rhxc8 19. Bc4 Bf6 20. fxe6
fxe6 21. e5 Bxe5 22. Rhe1 Bf6 23. Qd5 Qb6 24. b3 Rxa2 25. Kc1 Ra1+ 26. Kd2
Rxd1+ 27. Kxd1 Rd8 0-1

[Event "Toronto op U2200"]
[Site "Toronto CAN"]
[Date "2019.09.02"]
[Round "5.26"]
[White "Desikan, Ajith"]
[Black "Liao, Joseph"]
[Result "0-1"]
[WhiteElo "1803"]
[BlackElo "1732"]
[PlyCount "86"]
[EventDate "2019.08.31"]
[EventType "swiss"]
[EventRounds "6"]
[EventCountry "CAN"]

1. e4 e6 2. d4 d5 3. Nd2 c5 4. exd5 Qxd5 5. Ngf3 cxd4 6. Bc4 Qd6 7. O-O Nf6 8.
Nb3 Nc6 9. Nbxd4 Nxd4 10. Nxd4 a6 11. Bg5 Qc7 12. Bb3 Bd6 13. Nf3 Bd7 14. Bh4
O-O-O 15. c4 Bc6 16. Qe2 Bxf3 17. Qxf3 Bxh2+ 18. Kh1 Be5 19. Rfe1 Rd4 20. Bg5
Rhd8 21. Qe3 Ng4 22. Bxd8 Qxd8 23. Qf3 Qh4+ 24. Kg1 Bh2+ 25. Kf1 Rf4 26. Re3
Rxf3 27. Rxf3 Nxf2 28. Rxf2 Bg3 29. Rf3 Qh1+ 30. Ke2 Qxa1 31. Rxg3 Qxb2+ 32.
Kd3 e5 33. c5 Qd4+ 34. Ke2 f5 35. Be6+ Kd8 36. Rd3 Qxd3+ 37. Kxd3 g6 38. Bg8
Ke7 39. Bxh7 Kf7 40. a4 Kg7 41. Bxg6 Kxg6 42. a5 Kf6 43. Kc4 Ke6 0-1

[Event "Toronto op U2200"]
[Site "Toronto CAN"]
[Date "2019.09.02"]
[Round "5.27"]
[White "Wu, Benjamin"]
[Black "Cater, Brendan"]
[Result "1-0"]
[WhiteElo "1749"]
[BlackElo "1885"]
[PlyCount "100"]
[EventDate "2019.08.31"]
[EventType "swiss"]
[EventRounds "6"]
[EventCountry "CAN"]

1. c4 Nf6 2. Nc3 e5 3. g3 c6 4. Nf3 d6 5. d3 Be7 6. Bg2 h6 7. c5 Bg4 8. cxd6
Bxd6 9. O-O Nbd7 10. Qb3 Nc5 11. Qc2 Qd7 12. Rd1 Ne6 13. d4 exd4 14. Nxd4 Nxd4
15. Rxd4 Qc7 16. Ne4 Nxe4 17. Rxe4+ Be6 18. Bh3 O-O 19. Bxe6 fxe6 20. Qb3 Kh8
21. Qxe6 Rf6 22. Qb3 Raf8 23. Be3 Qd7 24. Rd4 Qe7 25. Rd3 Bc5 26. Rf1 Bxe3 27.
Rxe3 Qc5 28. Qc3 Qd5 29. a3 R6f7 30. f3 Qg5 31. Rd1 h5 32. Re5 Qg6 33. Qd3 Qh6
34. Qe3 Kh7 35. Qxh6+ Kxh6 36. Re6+ Kh7 37. Rdd6 Rc8 38. Re5 g6 39. Ree6 Rg7
40. Kf2 c5 41. Ke3 Rcc7 42. Ke4 b6 43. Kd5 Kh6 44. f4 Kh7 45. e4 c4 46. Rc6 b5
47. Rxg6 Rgd7+ 48. Rgd6 a5 49. Kc5 Rxc6+ 50. Rxc6 Rd2 1-0

[Event "Toronto op U2200"]
[Site "Toronto CAN"]
[Date "2019.09.02"]
[Round "5.28"]
[White "Landstrom, William"]
[Black "Matiu, Virgiliu Bogdan"]
[Result "0-1"]
[WhiteElo "1758"]
[BlackElo "1805"]
[PlyCount "56"]
[EventDate "2019.08.31"]
[EventType "swiss"]
[EventRounds "6"]
[EventCountry "CAN"]

1. e4 e5 2. Nf3 Nc6 3. Bc4 Nf6 4. Ng5 d5 5. exd5 Nxd5 6. d3 h6 7. Qf3 hxg5 8.
Bxd5 Qf6 9. Bxc6+ bxc6 10. Qxf6 gxf6 11. Nc3 Bd6 12. Ne4 Ke7 13. Be3 Be6 14. b3
a6 15. Ke2 g4 16. c4 f5 17. Nc3 f4 18. Bd2 Bc5 19. Na4 Bd4 20. Bc3 c5 21. Bxd4
cxd4 22. f3 Kd6 23. Rae1 Rag8 24. fxg4 Rxg4 25. Reg1 Rhg8 26. Kf2 Bd7 27. h3
Rg3 28. Nb2 Bf5 0-1

[Event "Toronto op U2200"]
[Site "Toronto CAN"]
[Date "2019.09.02"]
[Round "5.29"]
[White "Jeyakumar, Bhavatharshan"]
[Black "Cao, Bruce"]
[Result "1-0"]
[WhiteElo "1778"]
[BlackElo "1767"]
[PlyCount "63"]
[EventDate "2019.08.31"]
[EventType "swiss"]
[EventRounds "6"]
[EventCountry "CAN"]

1. e4 e5 2. Nf3 Nc6 3. Bb5 Bc5 4. O-O d6 5. c3 Bd7 6. d4 exd4 7. cxd4 Bb6 8.
Nc3 Nge7 9. Be3 O-O 10. Bd3 Bg4 11. Be2 d5 12. e5 Nf5 13. h3 Bxf3 14. Bxf3
Ncxd4 15. Bxd4 Bxd4 16. Bxd5 c6 17. Qg4 Bxe5 18. Qxf5 Bxc3 19. Bxc6 Bxb2 20.
Rab1 bxc6 21. Rxb2 Qc7 22. Rc2 Rab8 23. Rfc1 Rb6 24. Qe4 Rc8 25. Rc5 Qd7 26. a4
Re8 27. Qc4 Qd6 28. a5 Rb5 29. Rxc6 Qd5 30. Rc8 Kf8 31. Re1 Rd8 32. Qxb5 1-0

[Event "Toronto op U2200"]
[Site "Toronto CAN"]
[Date "2019.09.02"]
[Round "5.30"]
[White "Xu, Alex"]
[Black "Ogunlana, Ayo"]
[Result "1-0"]
[WhiteElo "1798"]
[BlackElo "1730"]
[PlyCount "81"]
[EventDate "2019.08.31"]
[EventType "swiss"]
[EventRounds "6"]
[EventCountry "CAN"]

1. e4 e5 2. Nf3 Nc6 3. Bc4 h6 4. c3 Nf6 5. d3 Bc5 6. O-O O-O 7. b4 Bd6 8. Re1
a6 9. a4 Ne7 10. Nh4 Kh7 11. f4 c5 12. fxe5 Bxe5 13. d4 cxd4 14. cxd4 Bxh2+ 15.
Kxh2 Qc7+ 16. e5 Ng4+ 17. Qxg4 Qxc4 18. Qe4+ Kg8 19. Bd2 g5 20. Nf3 d5 21. Qe2
Qc7 22. Nc3 Bg4 23. Rac1 Qb6 24. Qf2 f5 25. Nxg5 hxg5 26. Bxg5 Rf7 27. Bxe7
Rxe7 28. Nxd5 Qh6+ 29. Kg1 Rg7 30. Nf6+ Kh8 31. Qc2 f4 32. Nxg4 Rxg4 33. Qd3
Rag8 34. Rc2 Rg3 35. Qf5 f3 36. Qf6+ Qxf6 37. exf6 Rxg2+ 38. Rxg2 Rxg2+ 39. Kf1
Rb2 40. Re8+ Kh7 41. f7 1-0

[Event "Toronto op U2200"]
[Site "Toronto CAN"]
[Date "2019.09.02"]
[Round "6.11"]
[White "Mao, Fengxi"]
[Black "Demchenko, Kyrylo"]
[Result "1/2-1/2"]
[WhiteElo "2070"]
[BlackElo "2045"]
[PlyCount "71"]
[EventDate "2019.08.31"]
[EventType "swiss"]
[EventRounds "6"]
[EventCountry "CAN"]

1. e4 e5 2. Nf3 Nc6 3. Bb5 Bb4 4. O-O Nge7 5. c3 Ba5 6. Na3 O-O 7. Nc4 d6 8. d4
exd4 9. cxd4 d5 10. Nxa5 Nxa5 11. e5 Bd7 12. Bd3 Bf5 13. Bg5 Bxd3 14. Qxd3 Nac6
15. Rac1 Qd7 16. Rc5 b6 17. Rc3 Nd8 18. Rfc1 c6 19. e6 Nxe6 20. Ne5 Qe8 21.
Bxe7 Qxe7 22. Nxc6 Qg5 23. Qe3 Rfe8 24. Qxg5 Nxg5 25. Kf1 Kf8 26. Nb4 Ne4 27.
R3c2 Rad8 28. f3 Nd6 29. Kf2 Nb5 30. Rd2 Rc8 31. Rxc8 Rxc8 32. a4 Rc4 33. Nxd5
Rxd4 34. Rxd4 Nxd4 35. Ke3 Ne6 36. b4 1/2-1/2

[Event "Toronto op U2200"]
[Site "Toronto CAN"]
[Date "2019.09.02"]
[Round "6.12"]
[White "Feng, Richard"]
[Black "Ahmed, Syed Ibrahim"]
[Result "1-0"]
[WhiteElo "2078"]
[BlackElo "2058"]
[PlyCount "71"]
[EventDate "2019.08.31"]
[EventType "swiss"]
[EventRounds "6"]
[EventCountry "CAN"]

1. e4 e5 2. Nf3 Nc6 3. Bc4 Bc5 4. c3 Nf6 5. d3 O-O 6. Bb3 d5 7. Nbd2 Be6 8. Bc2
a5 9. h3 h6 10. a4 Qe7 11. Qe2 Rad8 12. Nf1 Nd7 13. g4 f6 14. Nh4 Qf7 15. Nf5
Ne7 16. N1g3 Kh8 17. Rg1 dxe4 18. dxe4 Bb6 19. h4 Bc4 20. Qf3 Nc5 21. Nxe7 Qxe7
22. Nf5 Qe6 23. g5 fxg5 24. hxg5 g6 25. Rh1 gxf5 26. Rxh6+ Qxh6 27. gxh6 fxe4
28. Qh5 Nd3+ 29. Bxd3 Bxf2+ 30. Kd2 e3+ 31. Kc2 Bxd3+ 32. Kb3 Bf5 33. Qg5 Be6+
34. Ka3 Rd7 35. Qxe5+ Kh7 36. Qxe6 1-0

[Event "Toronto op U2200"]
[Site "Toronto CAN"]
[Date "2019.09.02"]
[Round "6.13"]
[White "Xu, Eddie"]
[Black "Khachaturov, Vadim"]
[Result "1-0"]
[WhiteElo "1986"]
[BlackElo "2041"]
[PlyCount "61"]
[EventDate "2019.08.31"]
[EventType "swiss"]
[EventRounds "6"]
[EventCountry "CAN"]

1. e4 c5 2. Nf3 d6 3. d4 cxd4 4. Nxd4 Nf6 5. Nc3 a6 6. Bg5 e6 7. f4 Be7 8. Qf3
Nbd7 9. Bc4 Qb6 10. O-O-O h6 11. Bh4 Nc5 12. e5 dxe5 13. fxe5 Nh7 14. Bxe7 Kxe7
15. Nf5+ Kf8 16. Nd6 Qc7 17. Rhf1 Ng5 18. Qf4 b5 19. h4 bxc4 20. hxg5 Kg8 21.
Nxf7 hxg5 22. Qxg5 Bb7 23. Nxh8 Kxh8 24. Rf4 Kg8 25. Rh1 Be4 26. Nxe4 Nd3+ 27.
cxd3 cxd3+ 28. Kb1 Qc2+ 29. Ka1 Rb8 30. Nf6+ Kf7 31. Nd5+ 1-0

[Event "Toronto op U2200"]
[Site "Toronto CAN"]
[Date "2019.09.02"]
[Round "6.14"]
[White "Ghaytasvand, Parviz"]
[Black "Xie, Austin"]
[Result "0-1"]
[WhiteElo "1921"]
[BlackElo "1900"]
[PlyCount "106"]
[EventDate "2019.08.31"]
[EventType "swiss"]
[EventRounds "6"]
[EventCountry "CAN"]

1. e4 e6 2. d4 d5 3. Nd2 c5 4. dxc5 Bxc5 5. Nb3 Bb6 6. exd5 exd5 7. Bb5+ Nc6 8.
Qe2+ Be6 9. Be3 Nf6 10. Nd4 Bxd4 11. Bxd4 a6 12. Bxc6+ bxc6 13. Nf3 O-O 14. O-O
Re8 15. Rfe1 Ne4 16. Nd2 Nd6 17. Qf3 Qg5 18. Qg3 Qxg3 19. hxg3 Bf5 20. c3 f6
21. f3 Rac8 22. Bc5 Nc4 23. Nxc4 dxc4 24. Kf2 Kf7 25. Rad1 Rxe1 26. Kxe1 Re8+
27. Kf2 Bd3 28. Rd2 Re5 29. Bd4 Rd5 30. Be3 Ke6 31. g4 g6 32. f4 f5 33. g5 Bb1
34. Bd4 Bd3 35. Rd1 Be4 36. g3 c5 37. Ke3 cxd4+ 38. Rxd4 Kd6 39. Rxc4 Rd3+ 40.
Ke2 Rxg3 41. Ra4 Rg2+ 42. Ke3 Rxb2 43. Rxa6+ Kc5 44. Ra7 Rb7 45. Ra8 Rc7 46.
Ra4 Rd7 47. Rd4 Rxd4 48. cxd4+ Kb4 49. Kd2 Ka3 50. Kc3 Kxa2 51. Kc4 Kb2 52. d5
Bxd5+ 53. Kxd5 Kc3 0-1

[Event "Toronto op U2200"]
[Site "Toronto CAN"]
[Date "2019.09.02"]
[Round "6.16"]
[White "Lim, Levi"]
[Black "D'Amore, Tyler"]
[Result "0-1"]
[WhiteElo "1951"]
[BlackElo "1831"]
[PlyCount "80"]
[EventDate "2019.08.31"]
[EventType "swiss"]
[EventRounds "6"]
[EventCountry "CAN"]

1. e4 e6 2. d4 d5 3. Nd2 dxe4 4. Nxe4 Bd7 5. Bd3 Bc6 6. Nf3 Nd7 7. Qe2 Ngf6 8.
O-O Nxe4 9. Bxe4 Bxe4 10. Qxe4 c6 11. Bf4 Nf6 12. Qe2 Bd6 13. Be5 Qe7 14. c3
O-O 15. Rfe1 Rfd8 16. h3 Rac8 17. Rad1 h6 18. a3 c5 19. Qe3 a6 20. Qf4 cxd4 21.
Nxd4 Bxe5 22. Rxe5 Qc7 23. Qg3 Qb6 24. Re2 Rd7 25. Rde1 Rcd8 26. Kh1 Qc5 27.
Rxe6 fxe6 28. Nxe6 Qe7 29. Re3 Nd5 30. Re5 Re8 31. f4 Qf7 32. f5 Nf6 33. Qf3
Qe7 34. b4 Qd6 35. Re1 Qd3 36. Qf4 Nd5 37. Qe5 Nc7 38. Re3 Qd6 39. Qe4 Nxe6 40.
fxe6 Rde7 0-1

[Event "Toronto op U2200"]
[Site "Toronto CAN"]
[Date "2019.09.02"]
[Round "6.17"]
[White "Ajith, Aayush"]
[Black "Robertson, Kole"]
[Result "0-1"]
[WhiteElo "1851"]
[BlackElo "1860"]
[PlyCount "86"]
[EventDate "2019.08.31"]
[EventType "swiss"]
[EventRounds "6"]
[EventCountry "CAN"]

1. d4 e6 2. Nf3 f5 3. Bf4 d5 4. e3 Nf6 5. c4 c6 6. Nc3 Bd6 7. Bxd6 Qxd6 8. c5
Qe7 9. Be2 b6 10. b4 Nbd7 11. Qa4 Bb7 12. b5 cxb5 13. Nxb5 O-O 14. Nd6 bxc5 15.
Nxb7 cxd4 16. Nxd4 Nb6 17. Qc6 Rfe8 18. Nd6 Red8 19. N6b5 Kf7 20. Qc2 a6 21.
Nc3 Rdc8 22. Qd2 Qc5 23. Nd1 Ne4 24. Qd3 Qa5+ 25. Kf1 Nc4 26. Nb3 Ncd2+ 27.
Nxd2 Nxd2+ 28. Kg1 Nc4 29. g3 Ne5 30. Qd4 Rc2 31. Qxe5 Rxe2 32. Kg2 Rc8 33. Rf1
Qb4 34. a3 Qb3 35. Qd6 Qc2 36. Qxa6 Rc4 37. a4 h5 38. a5 h4 39. Qb7+ Kf6 40. a6
Qe4+ 41. Kg1 h3 42. f3 Rcc2 43. Rf2 Re1+ 0-1

[Event "Toronto op U2200"]
[Site "Toronto CAN"]
[Date "2019.09.02"]
[Round "6.17"]
[White "Cater, Brendan"]
[Black "Ogunlana, Ayo"]
[Result "1-0"]
[WhiteElo "1885"]
[BlackElo "1730"]
[PlyCount "117"]
[EventDate "2019.08.31"]
[EventType "swiss"]
[EventRounds "6"]
[EventCountry "CAN"]

1. f4 c6 2. Nf3 d5 3. e3 g6 4. d4 Bg4 5. Be2 Bxf3 6. Bxf3 Nf6 7. Nd2 Na6 8. c3
Nc7 9. a4 a5 10. Qc2 Bh6 11. h4 Qd6 12. g4 Bxf4 13. exf4 Qxf4 14. g5 Qg3+ 15.
Ke2 Ng4 16. Qd1 Qf2+ 17. Kd3 Qe3+ 18. Kc2 Nf2 19. Nf1 Qe6 20. Qd2 Qf5+ 21. Kb3
Qxf3 22. Rg1 Ne4 23. Qh2 Ne6 24. Be3 c5 25. Qe5 O-O 26. dxc5 N6xc5+ 27. Ka3 e6
28. Bd4 f6 29. gxf6 Qxf6 30. Qh5 Qf5 31. Qh6 e5 32. Ne3 Qd7 33. Bxc5 Nxc5 34.
b3 d4 35. h5 Qf7 36. Nc4 Ra6 37. Rg5 Nxb3 38. hxg6 Rxg6 39. Rag1 Qe7+ 40. Kxb3
Rff6 41. Rxg6+ Rxg6 42. Rxg6+ hxg6 43. Qxg6+ Qg7 44. Qxg7+ Kxg7 45. Nxe5 dxc3
46. Kxc3 Kf6 47. Nc4 b6 48. Nxb6 Ke6 49. Kc4 Kd6 50. Kb5 Kc7 51. Kxa5 Kb7 52.
Nc4 Ka7 53. Nd6 Kb8 54. Kb6 Ka8 55. a5 Kb8 56. a6 Ka8 57. Nb5 Kb8 58. a7+ Ka8
59. Nc7# 1-0

[Event "Toronto op U2200"]
[Site "Toronto CAN"]
[Date "2019.09.02"]
[Round "6.19"]
[White "Nemati, Omid"]
[Black "Huang, Youhe"]
[Result "0-1"]
[WhiteElo "1812"]
[BlackElo "2043"]
[PlyCount "100"]
[EventDate "2019.08.31"]
[EventType "swiss"]
[EventRounds "6"]
[EventCountry "CAN"]

1. e4 c5 2. Nf3 Nc6 3. Nc3 Nf6 4. g3 e5 5. Bg2 d6 6. d3 Be7 7. O-O O-O 8. Bg5
Ne8 9. Bxe7 Nxe7 10. Nd2 Rb8 11. a4 f5 12. Nc4 f4 13. h4 Nc6 14. Nd5 Nd4 15. c3
f3 16. cxd4 fxg2 17. Kxg2 Qd7 18. Rh1 cxd4 19. f3 Nf6 20. Nxf6+ Rxf6 21. Qe2
Qe7 22. h5 Be6 23. Rac1 Rbf8 24. Nd2 Qf7 25. Rh4 Rh6 26. Rch1 Rc8 27. f4 Rc2
28. f5 Bd7 29. g4 Qf6 30. Qd1 Bxa4 31. Kh3 Qg5 32. Nf3 Qe3 33. Re1 Qf2 34. Rg1
Rxb2 35. Qf1 Qe3 36. Rg3 Rf6 37. g5 Rf8 38. Nxe5 dxe5 39. Rxe3 dxe3 40. Qe1 e2
41. Rg4 Rc8 42. f6 Bd7 43. fxg7 Bxg4+ 44. Kxg4 Kxg7 45. h6+ Kg8 46. Qf2 Rf8 47.
Qc5 Rf4+ 48. Kh5 Rh4+ 49. Kxh4 e1=Q+ 50. Kg4 Rg2+ 0-1

[Event "Toronto op U2200"]
[Site "Toronto CAN"]
[Date "2019.09.02"]
[Round "6.20"]
[White "Van Rooy, Jake"]
[Black "Finlay, Ian"]
[Result "1-0"]
[WhiteElo "1998"]
[BlackElo "1936"]
[PlyCount "59"]
[EventDate "2019.08.31"]
[EventType "swiss"]
[EventRounds "6"]
[EventCountry "CAN"]

1. e4 c5 2. Nc3 Nc6 3. Nge2 d6 4. d4 cxd4 5. Nxd4 Qb6 6. Nb3 Nf6 7. Be2 e6 8.
Be3 Qd8 9. Bg5 Be7 10. Qd2 h6 11. Be3 a6 12. f4 b5 13. Bf3 Bb7 14. O-O-O b4 15.
Ne2 Nd7 16. Kb1 Nb6 17. Qd3 O-O 18. g4 Qc7 19. h4 Rfd8 20. g5 d5 21. Bxb6 Qxb6
22. e5 hxg5 23. hxg5 Bxg5 24. Qh7+ Kf8 25. fxg5 Nxe5 26. Qh8+ Ke7 27. Qxg7 Qe3
28. Qf6+ Kd6 29. Ned4 Kc7 30. Rhe1 1-0

[Event "Toronto op U2200"]
[Site "Toronto CAN"]
[Date "2019.09.02"]
[Round "6.21"]
[White "Liao, Joseph"]
[Black "Zhang, Jonathan"]
[Result "0-1"]
[WhiteElo "1732"]
[BlackElo "1841"]
[PlyCount "58"]
[EventDate "2019.08.31"]
[EventType "swiss"]
[EventRounds "6"]
[EventCountry "CAN"]

1. e4 e6 2. d4 d5 3. Nc3 Nf6 4. Bg5 Bb4 5. e5 h6 6. Bc1 Ne4 7. Qg4 g6 8. Bd3 h5
9. Qf3 Nxc3 10. Bd2 Nxa2 11. Rxa2 Bxd2+ 12. Kxd2 c5 13. c3 cxd4 14. cxd4 Qg5+
15. Kd1 Nc6 16. Ne2 Bd7 17. h4 Qe7 18. Ra3 Qb4 19. Qf6 Rg8 20. Nf4 Qxd4 21. Re1
Ne7 22. Rc3 Nf5 23. g3 Rc8 24. Rxc8+ Bxc8 25. Ke2 Bd7 26. Rc1 Qxb2+ 27. Rc2
Nd4+ 28. Kd1 Ba4 29. Nxg6 Bxc2+ 0-1

[Event "Toronto op U2200"]
[Site "Toronto CAN"]
[Date "2019.09.02"]
[Round "6.22"]
[White "Matiu, Virgiliu Bogdan"]
[Black "Wu, Benjamin"]
[Result "0-1"]
[WhiteElo "1805"]
[BlackElo "1749"]
[PlyCount "84"]
[EventDate "2019.08.31"]
[EventType "swiss"]
[EventRounds "6"]
[EventCountry "CAN"]

1. e4 e6 2. d4 d5 3. Nc3 Bb4 4. e5 c5 5. a3 Bxc3+ 6. bxc3 Nc6 7. Qg4 g6 8. Bg5
Qa5 9. Bd2 c4 10. Qd1 Bd7 11. Ne2 O-O-O 12. g4 f5 13. g5 h6 14. f4 hxg5 15.
fxg5 Nge7 16. Nf4 Rh4 17. Qf3 Rdh8 18. h3 a6 19. Be2 Nd8 20. Kf2 Nf7 21. Qg3
Qb6 22. Kg2 Qb2 23. Rhc1 Qb6 24. Rcb1 Qa5 25. Rb4 Nd8 26. Rb2 Ndc6 27. Qe1 Qc7
28. Bf1 Qa5 29. Kg3 Nd8 30. Kh2 Nf7 31. Qg3 Rg4 32. Qe3 Nxg5 33. Be1 Ne4 34.
Be2 Rg5 35. Bf3 Nc6 36. Bxe4 dxe4 37. Nxe6 f4 38. Nxf4 Bxh3 39. Bg3 Bg4+ 40.
Kg2 Bf3+ 41. Kf2 Qd8 42. Ne6 Rxg3 0-1

[Event "Toronto op U2200"]
[Site "Toronto CAN"]
[Date "2019.09.02"]
[Round "6.23"]
[White "Vijendra, Vinushan"]
[Black "Jeyakumar, Bhavatharshan"]
[Result "0-1"]
[WhiteElo "1733"]
[BlackElo "1778"]
[PlyCount "100"]
[EventDate "2019.08.31"]
[EventType "swiss"]
[EventRounds "6"]
[EventCountry "CAN"]

1. e4 c5 2. Nf3 e6 3. d4 cxd4 4. Nxd4 a6 5. Nc3 Qc7 6. a3 Nc6 7. Be3 Nf6 8. Be2
Be7 9. O-O b5 10. Nxc6 dxc6 11. f4 Bb7 12. Bf3 c5 13. e5 Rd8 14. Qe2 Nd5 15.
Nxd5 Bxd5 16. Rfd1 O-O 17. b3 c4 18. Bxd5 exd5 19. b4 Qd7 20. c3 f6 21. Bb6 Rb8
22. e6 Qc6 23. Bd4 f5 24. Re1 Bf6 25. Bxf6 Rxf6 26. Qe5 Re8 27. e7 Rf7 28. Re2
Rfxe7 29. Qxe7 Rxe7 30. Rxe7 Qf6 31. Re5 g5 32. g3 gxf4 33. gxf4 Qh4 34. Rae1
Qg4+ 35. Kh1 Qf3+ 36. Kg1 Qxc3 37. Re8+ Kg7 38. R8e7+ Kh6 39. R1e3 Qd4 40.
R7e6+ Kh5 41. Kg2 Qd2+ 42. Kg3 Qd1 43. h3 Qg1+ 44. Kf3 Qh2 45. Re7 Qxh3+ 46.
Kf2 Qh2+ 47. Kf3 h6 48. R7e6 d4 49. R3e4 Qh3+ 50. Kf2 Qg4 0-1

[Event "Toronto op U2200"]
[Site "Toronto CAN"]
[Date "2019.09.02"]
[Round "6.24"]
[White "Itkin, Victor"]
[Black "Guo, Hazel"]
[Result "0-1"]
[WhiteElo "1752"]
[BlackElo "1710"]
[PlyCount "70"]
[EventDate "2019.08.31"]
[EventType "swiss"]
[EventRounds "6"]
[EventCountry "CAN"]

1. e4 e6 2. d4 d5 3. Nd2 dxe4 4. Nxe4 Bd7 5. Nf3 Bc6 6. Nc3 Nd7 7. Bc4 Ngf6 8.
O-O Be7 9. Ng5 Bd5 10. Qe2 Bxc4 11. Qxc4 O-O 12. Re1 h6 13. Nh3 c6 14. Nf4 Nb6
15. Qb3 Bd6 16. Nce2 Qc7 17. c4 c5 18. Rd1 cxd4 19. Nxd4 Bxf4 20. c5 Nbd5 21.
Ne2 Bxh2+ 22. Kh1 Bf4 23. Nxf4 Nxf4 24. Qf3 N4d5 25. b4 Qe5 26. Bxh6 gxh6 27.
Kg1 Qf4 28. Qh3 Nxb4 29. Rab1 Nxa2 30. Rb3 Rad8 31. Ra1 Nc1 32. Rg3+ Kh7 33.
Kh1 Rd1+ 34. Kh2 Ne4 35. Ra4 Nxf2 0-1

[Event "Toronto op U2200"]
[Site "Toronto CAN"]
[Date "2019.09.02"]
[Round "6.25"]
[White "Desikan, Ajith"]
[Black "Moran-Venegas, Mario"]
[Result "1-0"]
[WhiteElo "1803"]
[BlackElo "1768"]
[PlyCount "43"]
[EventDate "2019.08.31"]
[EventType "swiss"]
[EventRounds "6"]
[EventCountry "CAN"]

1. e4 e5 2. Nf3 Nf6 3. Nc3 Nc6 4. Bb5 Bc5 5. O-O O-O 6. d3 d6 7. h3 Nd4 8. Nxd4
Bxd4 9. Be3 a6 10. Ba4 Bxe3 11. fxe3 c6 12. Bb3 h6 13. Qf3 Qe7 14. Ne2 Be6 15.
Ng3 Bxb3 16. axb3 Qe6 17. Nf5 Kh7 18. Rf2 Rae8 19. Raf1 Rg8 20. Nxg7 Rxg7 21.
Qxf6 Qxh3 22. Qxg7+ 1-0

[Event "Toronto op U2200"]
[Site "Toronto CAN"]
[Date "2019.09.02"]
[Round "6.26"]
[White "Xu, Alex"]
[Black "Landstrom, William"]
[Result "1-0"]
[WhiteElo "1798"]
[BlackElo "1758"]
[PlyCount "81"]
[EventDate "2019.08.31"]
[EventType "swiss"]
[EventRounds "6"]
[EventCountry "CAN"]

1. e4 d6 2. d4 Nf6 3. Nc3 e5 4. dxe5 dxe5 5. Qxd8+ Kxd8 6. Bg5 Be6 7. f4 Bd6 8.
Nf3 Nc6 9. Bb5 Be7 10. O-O-O+ Kc8 11. Bxc6 bxc6 12. Nxe5 Kb7 13. f5 Bc8 14.
Nxf7 Re8 15. Rhe1 Bb4 16. Bxf6 gxf6 17. a3 Bxc3 18. bxc3 Kb6 19. Nh6 Ba6 20.
Rd7 Rh8 21. h4 Rae8 22. g4 c5 23. Rf7 Ref8 24. e5 Rxf7 25. Nxf7 Re8 26. e6 Bb7
27. g5 fxg5 28. hxg5 Bg2 29. Re3 Bd5 30. Nh6 Kc6 31. e7 Kd7 32. f6 c4 33. Nf5
Bf7 34. Ng7 Rg8 35. Kd2 Bg6 36. e8=Q+ Bxe8 37. Re7+ Kd8 38. Ne6+ Kc8 39. Rxc7+
Kb8 40. f7 Bxf7 41. Rxf7 1-0

[Event "Toronto-ch U20"]
[Site "Toronto CAN"]
[Date "2019.03.15"]
[Round "1.1"]
[White "Xu, Jeffrey"]
[Black "Zhao, Jeffrey Renfei"]
[Result "1-0"]
[WhiteElo "2258"]
[BlackElo "2018"]
[PlyCount "127"]
[EventDate "2019.03.15"]
[EventType "swiss"]
[EventRounds "5"]
[EventCountry "CAN"]

1. b3 d5 2. g3 Nf6 3. Bb2 Bf5 4. Bg2 e6 5. d3 c6 6. Nf3 Be7 7. Nbd2 O-O 8. O-O
Nbd7 9. Re1 Qb6 10. c4 Rfe8 11. h3 h6 12. Nf1 dxc4 13. dxc4 Bb4 14. N3d2 Bc5
15. e3 Rad8 16. Qe2 a5 17. g4 Bg6 18. Bc3 e5 19. Ng3 Nf8 20. Nf5 Bb4 21. Bxb4
Qxb4 22. Red1 Ne6 23. Nf3 Bxf5 24. gxf5 Nc5 25. Nh2 Nce4 26. Ng4 Nxg4 27. Qxg4
Nf6 28. Qe2 a4 29. Rxd8 Rxd8 30. Rd1 Rxd1+ 31. Qxd1 axb3 32. axb3 Qc3 33. Bf3
Kh7 34. Bh5 Nxh5 35. Qxh5 Qxb3 36. Qxf7 Qb1+ 37. Kh2 Qc2 38. Kg3 Qb1 39. Qg6+
Kh8 40. Qe8+ Kh7 41. Qxe5 Qg1+ 42. Kf3 Qh1+ 43. Ke2 Qxh3 44. Qe4 Qh5+ 45. Ke1
Kh8 46. Qe5 Qf7 47. c5 Kh7 48. e4 Qc4 49. Qe7 Qc1+ 50. Ke2 Qc2+ 51. Ke3 Qc3+
52. Kf4 Qd2+ 53. Kg3 Qc3+ 54. Kg2 Qd4 55. Kg3 Qc3+ 56. f3 Qd4 57. Kg2 Qd2+ 58.
Kg3 Qd4 59. Kf4 Qd2+ 60. Ke5 Qh2+ 61. f4 Qb2+ 62. Ke6 Qd4 63. Kf7 Qc4+ 64. Qe6
1-0

[Event "Toronto-ch U20"]
[Site "Toronto CAN"]
[Date "2019.03.16"]
[Round "2.1"]
[White "Mao, Fengxi"]
[Black "Xu, Jeffrey"]
[Result "0-1"]
[WhiteElo "2120"]
[BlackElo "2258"]
[PlyCount "124"]
[EventDate "2019.03.15"]
[EventType "swiss"]
[EventRounds "5"]
[EventCountry "CAN"]

1. Nf3 e6 2. c4 Nf6 3. b3 Be7 4. Bb2 a6 5. e3 O-O 6. Be2 c5 7. O-O Nc6 8. d4
cxd4 9. Nxd4 Rb8 10. Bf3 Qc7 11. Qe2 Ne5 12. Nc3 Nxf3+ 13. Nxf3 Qa5 14. e4 b5
15. e5 Ne8 16. Ne4 bxc4 17. Qxc4 f5 18. Nc3 Bb7 19. Rfe1 Nc7 20. Qa4 Qxa4 21.
Nxa4 Nd5 22. Bd4 Rfc8 23. Rec1 Nf4 24. Rxc8+ Rxc8 25. Nb6 Rc2 26. Be3 Ne2+ 27.
Kf1 Bxf3 28. gxf3 f4 29. Re1 fxe3 30. Rxe2 Rc1+ 31. Re1 Rxe1+ 32. Kxe1 exf2+
33. Ke2 d5 34. Na4 Kf7 35. Kxf2 Kg6 36. Nb2 Bc5+ 37. Ke2 Bd4 38. Nd3 a5 39. f4
Kf5 40. Kf3 g5 41. fxg5 Kxg5 42. a4 Bc3 43. Ke3 Kf5 44. b4 d4+ 45. Ke2 Ke4 46.
b5 Kd5 47. Kf3 Bb4 48. Ke2 Be7 49. Kd2 Bd8 50. Kd1 Bb6 51. Kd2 Bc7 52. Kd1 Ke4
53. Ke2 h5 54. Kd2 h4 55. Kc2 Ke3 56. Nb2 Ke2 57. Nc4 d3+ 58. Kc3 Bxe5+ 59. Kb3
Bxh2 60. b6 Bb8 61. b7 d2 62. Nxd2 Kxd2 0-1